|
|
|
|
| LEADER |
00000cam a2200000 7i4500 |
| 001 |
0000004666 |
| 005 |
20220105104004.0 |
| 008 |
070730 |
| 020 |
|
|
|a 9830782263(set)
|
| 020 |
|
|
|a 9830782298
|
| 090 |
0 |
0 |
|a JP
|b MOR ENG (4291)
|
| 100 |
0 |
|
|a Nur Azlan Abdullah
|
| 245 |
1 |
2 |
|a A son's good deeds
|c Nur Azlan Abdullah
|
| 260 |
|
|
|a Selangor :
|b Pustaka Murni ,
|c 2004
|
| 440 |
|
|
|a Moral values series
|
| 500 |
|
|
|a Children age 4-6 years old (yellow)
|
| 650 |
|
0 |
|a Junior preschool
|x English
|x Languages
|
| 650 |
|
0 |
|a Moral
|
| 999 |
|
|
|a 0000974757
|b Book
|c Children Collection
|e Perbadanan Perpustakaan Awam Johor
|
| 999 |
|
|
|a 0000974758
|b Book
|c Children Collection
|e Perbadanan Perpustakaan Awam Johor
|
| 999 |
|
|
|a 0000974759
|b Book
|c Children Collection
|e Perbadanan Perpustakaan Awam Johor
|
| 999 |
|
|
|a 0000974760
|b Book
|c Children Collection
|e Perbadanan Perpustakaan Awam Johor
|